000 00336nam a2200133 i 4500
001 bg
100 1 _aMÜLLER, Ludwik
245 0 _aZastosowanie analizy wymiarowej w badaniach modelu /
_cH. Müller.
260 _aWarszawa :
_bPWN,
_c1983.
040 _cBPK
041 _apol
942 _cKS
008 s pl f |000 0 pol
999 _c22416
_d22416
856 _uhttp://koha.tu.koszalin.pl/cgi-bin/koha/opac-detail.pl?biblionumber=22416
_yKatalog online BPK